000 00460nam a2200193Ia 4500
008 210417s9999 xx 000 0 und d
020 _a9780008196585
020 _b8196583
082 _a823.912 CHR
082 _b22.823.912 CHR
245 0 _a4.50 from paddington
245 0 _c4 50 from paddington
250 _b281p. ; pbk.
260 _aLondon
260 _bHarper
260 _c1957
700 _a"Christie, Agatha"
700 _bAgatha Christie
999 _c491709
_d491709